| 000 | 01776nam a2200445 i 4500 | ||
|---|---|---|---|
| 001 | 51851 | ||
| 003 | KOSZ 005 | ||
| 005 | 20221227131821.0 | ||
| 008 | 070707s2006 pl f |000 0 pol d | ||
| 020 | _a8389693062 | ||
| 040 |
_cKOSZ 005 _aKOSZ 005 _dKOSZ 005/HR |
||
| 041 | 0 |
_apol _beng |
|
| 046 | _k2006 | ||
| 080 | _a711(438) | ||
| 080 | _a378(438) | ||
| 080 | _a332.1(438) | ||
| 245 | 0 | 0 |
_aTeoria i praktyka w zakresie edukacji kadr dla gospodarki przestrzennej / _cpod red. Tadeusza Kudłacza. |
| 246 | 3 | 1 | _aTheory and practice in the education of personel for the spatial economy |
| 260 |
_aWarszawa : _bKPZK PAN, _c2006. |
||
| 336 |
_2rdacontent _aTekst _btxt |
||
| 337 |
_2rdamedia _aBez urządzenia pośredniczącego _bn |
||
| 338 |
_2rdacarrier _aWolumin _bnc |
||
| 380 | _aKsiążki | ||
| 388 | _a2001- | ||
| 490 | 1 |
_aBiuletyn / Polska Akademia Nauk. Komitet Przestrzennego Zagospodarowania Kraju, _x0079-3493 ; _vz. 224 |
|
| 500 | _aTyt. równol.: Theory and practice in the education of personel for the spatial economy". | ||
| 504 | _aBibliogr. przy art. | ||
| 546 | _aStreszcz. ang. przy art. | ||
| 650 | 4 | _aNauczanie | |
| 650 | 4 | _aPlanowanie przestrzenne | |
| 650 | 4 | _aSzkolnictwo wyższe | |
| 658 | _aEdukacja i pedagogika | ||
| 658 | _aGospodarka, ekonomia, finanse | ||
| 650 | 4 | _aGospodarka regionalna | |
| 700 | 1 |
_aKudłacz, Tadeusz _d(1949- ) _eRedakcja |
|
| 710 | 2 | _aKomitet Przestrzennego Zagospodarowania Kraju (Polska Akademia Nauk) | |
| 830 | 0 |
_aBiuletyn - Polska Akademia Nauk. Komitet Przestrzennego Zagospodarowania Kraju _vz. 224 |
|
| 856 |
_uhttp://koha.tu.koszalin.pl/cgi-bin/koha/opac-detail.pl?biblionumber=51851 _yKatalog online BPK |
||
| 942 |
_cKS _2UKD |
||
| 999 |
_c51851 _d51851 |
||